00733nam a22002057a 450000500170000001000150001702000260003203500130005803700130007108200120008410000140009624500560011026000300016627000670019630000330026350000510029694200260034799900170037395201370039020141016144034.0 aENG-111083 a9788120350120c375.00 aEN-94615 bDBAD/PUB a005.432 aRao, M.N. aFundamentals of open source software /cby M.N. Rao aDelhibPHI Learningc2015 aRimjhim House,111, Patparganj Industrial EstatebDelhie110092 axix,295p. :c24cm(pbk)bill. aIncludes bibliographical references and index. 2ddccENh005.432mRAO c89337d89337 001040718NFICaDBADbDBADd2014-10-16eDBAD/PUBg375.00l0o005.432 RAOpEN-94615r2014-10-16 00:00:00t1v375.00w2014-10-16yEN